Statistics for Southeast Asian Geography on the Map

Click here to take the quiz!

General Stats

  • This quiz has been taken 1,857 times
  • The average score is 13 of 27

Answers on the Map

Answers color-coded by a green-red scale on the quiz's map according to % correct below.
 

Answer Stats

Feature% Correct
Ho Chi Minh City
88%
Manila
88%
Singapore
88%
Bangkok
86%
Sumatra
86%
Kuala Lumpur
84%
Mekong River
84%
Luzon
81%
Sulawesi
70%
Malay Peninsula
69%
Bali
68%
Angkor Wat
63%
Krakatoa
57%
Mindanao
57%
Papua
48%
Andaman Sea
44%
Irrawaddy River
27%
Palawan
23%
Puncak Jaya
22%
Sabah
20%
Hạ Long Bay
18%
Siem Reap
18%
Borobudur
12%
Bohol Sea
6%
Kanchanaburi
6%
Shwedagon Pagoda
5%
Pha That Luang
2%

Score Distribution

Percentile by Number Answered

Percent of People with Each Score

Your Score History

You have not taken this quiz